LEADER 00994nam0-22003491i-450- 001 990001484340403321 005 20160712125221.0 010 $a1-58488-020-1 035 $a000148434 035 $aFED01000148434 035 $a(Aleph)000148434FED01 035 $a000148434 100 $a20010622d2000----km-y0itay50------ba 101 0 $aeng 102 $aUS 105 $aa---a---101yy 200 1 $aNumerical analysis 1999$fD. F. Griffiths, G. A. Watson, editors 210 $aBoca Raton$cChapman & Hall/CRC$dc2000 215 $aviii, 279 p.$d24 cm 225 1 $aChapman & Hall/CRC research notes in mathematics series$v420 610 0 $aAnalisi numerica$aCongressi 676 $a517.6$v21 702 1$aGriffiths,$bDavid F. 702 1$aWatson,$bG. Alistair 801 0$aIT$bUNINA$gRICA$2UNIMARC 901 $aBK 912 $a990001484340403321 952 $aC-2-(420$b17716$fMA1 959 $aMA1 962 $a65-06 996 $aNumerical analysis 1999$9378109 997 $aUNINA